Statistics for Portuguese Bedroom Vocabulary

Click here to take the quiz!

General Stats

  • This quiz has been taken 67 times
    (66 since last reset)
  • The average score is 24 of 49

Answer Stats

HintAnswer% Correct
bedcama
98%
to sleepdormir
95%
doorporta
88%
clockrelógio
88%
mirrorespelho
86%
to readler
86%
booklivro
86%
windowjanela
83%
chaircadeira
81%
radiorádio
81%
to relaxrelaxar
71%
pillowtravesseiro
71%
toybrinquedo
69%
curtaincortina
67%
lamplâmpada
67%
light bulblâmpada
67%
laptoplap-top
67%
sheetlençol
62%
rugtapete
62%
cell phonetelefone celular
62%
blanketcobertor
60%
to wake upacordar
57%
to get uplevantar
57%
closetarmário
55%
carpetcarpete
55%
chargercarregador
50%
to chargecarregar
48%
shelfprateleira
43%
postercartaz
40%
drawergaveta
38%
to plug inligar
38%
mattresscolchão
36%
to unplugdesligar
33%
alarm clockdespertador
31%
to go to bedir para a cama
29%
outlettomada
29%
pillow casefronha
24%
light switchinterruptor de luz
24%
deskescrivaninha
21%
teddy bearursinho de pelúcia
19%
head boardcabeceira
17%
doorknobmaçaneta
17%
hangercabide
14%
blindspersianas
14%
night standmesa de cabeceira
12%
dressercômoda
10%
night lightluz da noite
10%
bookshelfestante para livros
0%
to fall asleeppegar no sono
0%

Score Distribution

Percentile by Number Answered

Percent of People with Each Score

Your Score History

You have not taken this quiz since the last reset